Tito Double P Charting Songs (Billboard Hot 100) - Statistics

General Stats
  • This quiz has been taken 83 times
    20 since last reset
  • The average score is 4 of 11
Answer Stats
Album Weeks On Peak Artist(s) Song % Correct
DINASTÌA 3 Weeks #52 Peso Pluma & Tito Double P dopamina
75%
INCÓMODO 20 Weeks #51 Tito Double P & Peso Pluma Dos Dias
75%
INCÓMODO 8 Weeks #73 Tito Double P El Lokeron
63%
Non-Album Single 2 Weeks #84 Gabito Ballesteros & Tito Double P 7 Dias
38%
DINASTÌA 9 Weeks #75 Peso Pluma & Tito Double P dano
38%
Éxodo 2 Weeks #69 Peso Pluma, Tito Double P & Joel De La P La People II
38%
Non-Album Single 7 Weeks #78 Tito Double P Nadie
38%
DINASTÌA 1 Week #76 Peso Pluma & Tito Double P ni pedo
25%
DINASTÌA 1 Week #79 Peso Pluma & Tito Double P bckpckbyz
13%
Non-Album Single 8 Weeks #76 Tito Double P Rosones
0%
Non-Album Single 9 Weeks #72 Tito Double P Tattoo
0%
No matching quizzes found
Score Distribution
Percent of People with Each Score
Percentile by Number Answered
Your Score History
You have not taken this quiz since the last reset